[Event "Opole AZS op 1st"]
[Site "Opole"]
[Date "2023.08.15"]
[Round "4"]
[White "Bartel, Mateusz"]
[Black "Bergstrom, Christer"]
[Result "1-0"]
[WhiteElo "2533"]
[BlackElo "2241"]
[PlyCount "65"]
[EventDate "2023.08.15"]
[EventType "swiss (rapid)"]
[EventRounds "9"]
[EventCountry "POL"]
[SourceTitle "EXT 2024"]
[Source "ChessBase"]
[SourceDate "2023.10.10"]
[SourceVersion "1"]
[SourceVersionDate "2023.10.10"]
[SourceQuality "1"]

1. e4 c5 2. Nf3 Nc6 3. Nc3 e6 4. d4 cxd4 5. Nxd4 a6 6. Bf4 d6 7. Nxc6 bxc6 8. Bd3 Nf6 9. 0-0 e5 10. Bc1 Be7 11. f4 exf4 12. Bxf4 0-0 13. Kh1 Ng4 14. Qd2 Bf6 15. Rad1 Be5 16. Bxe5 dxe5 17. h3 Qh4 18. Bc4 Nf6 19. Qf2 Qg5 20. Rd6 Nh5 21. Ne2 Nf6 22. Nc3 Nh5 23. Qxf7+ Rxf7 24. Rxf7 Be6 25. Bxe6 Kh8 26. Bg4 Nf4 27. Rxc6 h5 28. Bf3 Rd8 29. Nd5 Ng6 30. Rf5 Qc1+ 31. Kh2 h4 32. Rxg6 Qxc2 33. Ne7 1-0

[Event "SWE-chT 1415 Elite"]
[Site "Sweden"]
[Date "2014.11.22"]
[Round "2"]
[White "Urkedal, Frode Olav Olsen"]
[Black "Bergstrom, Christer"]
[Result "1-0"]
[WhiteElo "2517"]
[BlackElo "2351"]
[PlyCount "107"]
[EventDate "2014.11.21"]
[EventType "team-tourn"]
[EventRounds "9"]
[EventCountry "SWE"]
[SourceTitle "EXT 2016"]
[Source "ChessBase"]
[SourceDate "2015.10.08"]
[SourceVersion "1"]
[SourceVersionDate "2015.10.08"]
[SourceQuality "1"]
[WhiteTeam "Farsta"]
[BlackTeam "Solna"]
[WhiteTeamCountry "SWE"]
[BlackTeamCountry "SWE"]

1. d4 Nf6 2. c4 e6 3. Nf3 b6 4. g3 Bb7 5. Bg2 Be7 6. 0-0 0-0 7. Re1 Ne4 8. Nfd2 f5 9. Nxe4 Bxe4 10. Bxe4 fxe4 11. Nc3 Bb4 12. Qb3 Bxc3 13. Qxc3 Qf6 14. Bf4 d6 15. Rad1 Nd7 16. Rf1 Rf7 17. f3 Qf5 18. fxe4 Qxe4 19. Qf3 Qxf3 20. exf3 Raf8 21. Kg2 Rf5 22. Rde1 R8f6 23. Re2 Rg6 24. Bd2 h5 25. Rfe1 Kf7 26. b3 Rff6 27. h3 c5 28. Bc3 cxd4 29. Bxd4 e5 30. Be3 Re6 31. Rd1 Nf6 32. Red2 Ne8 33. a4 Re7 34. Rd5 Rb7 35. f4 h4 36. g4 exf4 37. Bxf4 Re7 38. R1d2 Re4 39. Bg5 Nf6 40. Rf5 Ke6 41. Kf3 Re1 42. Bxh4 Rb1 43. Re2+ Kd7 44. Re3 Rh6 45. Kg3 Rg1+ 46. Kf2 Rb1 47. Bg5 Rg6 48. Bxf6 gxf6 49. Rd3 Rh6 50. Kg2 Kc6 51. a5 Rb2+ 52. Kg3 Rb1 53. axb6 axb6 54. Rfd5 1-0

[Event "SWE-chT2 1314"]
[Site "Sweden"]
[Date "2014.03.07"]
[Round "7"]
[White "Hultin, Johan"]
[Black "Bergstrom, Christer"]
[Result "1-0"]
[WhiteElo "2333"]
[BlackElo "2374"]
[PlyCount "55"]
[EventDate "2013.11.22"]
[EventType "team-tourn"]
[EventRounds "9"]
[EventCountry "SWE"]
[SourceTitle "EXT 2015"]
[Source "ChessBase"]
[SourceDate "2014.11.20"]
[SourceVersion "1"]
[SourceVersionDate "2014.11.20"]
[SourceQuality "1"]
[WhiteTeam "Manhem"]
[BlackTeam "Solna"]
[WhiteTeamCountry "SWE"]
[BlackTeamCountry "SWE"]

1. d4 Nf6 2. c4 e6 3. Nc3 Bb4 4. e3 c5 5. Nge2 cxd4 6. exd4 0-0 7. a3 Be7 8. Nf4 b6 9. Bd3 Nc6 10. d5 Ne5 11. Be2 exd5 12. Ncxd5 Bb7 13. 0-0 Rc8 14. b3 Nxd5 15. Nxd5 Bxd5 16. cxd5 Qc7 17. Ba6 Rb8 18. f4 Ng6 19. a4 Rfe8 20. Ra2 Bc5+ 21. Kh1 Re4 22. Re2 Rd4 23. Qe1 Rxd5 24. f5 Ne5 25. Bf4 d6 26. Bc4 Rd4 27. Rxe5 dxe5 28. Bxe5 1-0

[Event "SWE-chT2 1314"]
[Site "Sweden"]
[Date "2014.01.19"]
[Round "5"]
[White "Bergstrom, Christer"]
[Black "Gruvaeus, Curt"]
[Result "0-1"]
[WhiteElo "2374"]
[BlackElo "2301"]
[PlyCount "92"]
[EventDate "2013.11.22"]
[EventType "team-tourn"]
[EventRounds "9"]
[EventCountry "SWE"]
[SourceTitle "EXT 2015"]
[Source "ChessBase"]
[SourceDate "2014.11.20"]
[SourceVersion "1"]
[SourceVersionDate "2014.11.20"]
[SourceQuality "1"]
[WhiteTeam "Solna"]
[BlackTeam "Orebro"]
[WhiteTeamCountry "SWE"]
[BlackTeamCountry "SWE"]

1. e4 g6 2. d4 Bg7 3. Nf3 d6 4. Bc4 a6 5. 0-0 e6 6. Re1 Ne7 7. Nc3 0-0 8. Bf4 c6 9. e5 d5 10. Bd3 Nd7 11. Ne2 c5 12. c3 b5 13. Qd2 Nc6 14. Bh6 b4 15. Bxg7 Kxg7 16. Nf4 bxc3 17. bxc3 Nb6 18. h4 f5 19. dxc5 Na4 20. Nd4 Qe8 21. Rab1 Nxc5 22. Rb6 Nd8 23. Re3 Kh8 24. Rg3 Rg8 25. h5 gxh5 26. Rxg8+ Qxg8 27. Nxh5 Nf7 28. Nf6 Qd8 29. Rd6 Nxd6 30. Qh6 Qe7 31. exd6 Qg7 32. Qh4 Nxd3 33. Nh5 Qf8 34. Nxf5 e5 35. Ne7 Qxf2+ 36. Qxf2 Nxf2 37. Kxf2 Be6 38. Nc6 Rc8 39. Nxe5 Rf8+ 40. Ke3 Rf5 41. Kd4 Rxh5 42. d7 Rh4+ 43. Kc5 Bxd7 44. Nxd7 Rc4+ 45. Kxd5 Rxc3 46. Nc5 Ra3 0-1

[Event "SWE-chT2 0910"]
[Site "Sweden"]
[Date "2010.03.12"]
[Round "7"]
[White "Svensson, Leif"]
[Black "Bergstrom, Christer"]
[Result "1/2-1/2"]
[WhiteElo "2162"]
[BlackElo "2385"]
[PlyCount "37"]
[EventDate "2009.10.24"]
[EventType "team"]
[EventRounds "9"]
[EventCountry "SWE"]
[SourceTitle "EXT 2011"]
[Source "ChessBase"]
[SourceDate "2010.11.26"]
[SourceVersion "1"]
[SourceVersionDate "2010.11.26"]
[SourceQuality "1"]
[WhiteTeam "Mark"]
[BlackTeam "Solna"]
[WhiteTeamCountry "SWE"]
[BlackTeamCountry "SWE"]

1. d4 Nf6 2. Nc3 d5 3. Bg5 Nbd7 4. Qd3 e6 5. e4 dxe4 6. Nxe4 Be7 7. Nxf6+ Bxf6 8. Bxf6 Qxf6 9. 0-0-0 0-0 10. Qe3 b6 11. Bb5 Rd8 12. Bc6 Rb8 13. Nf3 Bb7 14. Ne5 Nxe5 15. dxe5 Qe7 16. Bxb7 Rxb7 17. Rxd8+ Qxd8 18. Rd1 Qe7 19. f4 1/2-1/2

[Event "SWE-chT2 0910"]
[Site "Sweden"]
[Date "2010.01.16"]
[Round "4"]
[White "Unmack, Christian"]
[Black "Bergstrom, Christer"]
[Result "0-1"]
[WhiteElo "2196"]
[BlackElo "2385"]
[PlyCount "62"]
[EventDate "2009.10.24"]
[EventType "team"]
[EventRounds "9"]
[EventCountry "SWE"]
[SourceTitle "EXT 2011"]
[Source "ChessBase"]
[SourceDate "2010.11.26"]
[SourceVersion "1"]
[SourceVersionDate "2010.11.26"]
[SourceQuality "1"]
[WhiteTeam "En Passant"]
[BlackTeam "Solna"]
[WhiteTeamCountry "SWE"]
[BlackTeamCountry "SWE"]

1. d4 Nf6 2. c4 e6 3. Nc3 Bb4 4. a3 Bxc3+ 5. bxc3 0-0 6. f3 d6 7. e4 Nc6 8. Bg5 h6 9. Bh4 e5 10. Bf2 b6 11. Qc2 Ba6 12. g4 Na5 13. h4 Bxc4 14. Bxc4 Nxc4 15. Rd1 Qe7 16. d5 c6 17. dxc6 Rac8 18. Ne2 Rxc6 19. Ng3 Nxa3 20. Qc1 Nb5 21. g5 Nh7 22. gxh6 g6 23. c4 Qf6 24. Qb2 Nc7 25. Qe2 Ne6 26. Be3 Rfc8 27. Kf2 Nf4 28. Qd2 Rxc4 29. Qxd6 Rc2+ 30. Kf1 Nd5 31. Qxf6 Nxe3+ 0-1

[Event "SWE-chT 0809"]
[Site "Sweden"]
[Date "2009.02.28"]
[Round "8"]
[White "Bergstrom, Christer"]
[Black "Akesson, Joel"]
[Result "0-1"]
[WhiteElo "2367"]
[BlackElo "2382"]
[PlyCount "106"]
[EventDate "2008.10.25"]
[EventType "team-tourn"]
[EventRounds "11"]
[EventCountry "SWE"]
[SourceTitle "EXT 2011"]
[Source "ChessBase"]
[SourceDate "2010.11.26"]
[SourceVersion "1"]
[SourceVersionDate "2010.11.26"]
[SourceQuality "1"]

1. Nf3 d5 2. d4 Nf6 3. g3 Bf5 4. Bg2 e6 5. h3 h6 6. 0-0 Nbd7 7. c4 c6 8. Qb3 Qb6 9. Qa4 Be7 10. c5 Qd8 11. b4 a6 12. Nc3 Ne4 13. Qb3 Bf6 14. Bf4 g5 15. Be3 h5 16. Nxe4 Bxe4 17. Nd2 Bf5 18. a4 Qe7 19. f4 gxf4 20. Rxf4 Rg8 21. Kh2 Qf8 22. Rg1 Qg7 23. Bh1 Bg5 24. Rff1 Bf6 25. Nf3 Be4 26. b5 Ke7 27. bxc6 bxc6 28. Qb7 Rgc8 29. Bf4 Bxf3 30. Bd6+ Kd8 31. Rxf3 Bxd4 32. Rgf1 f5 33. Rd3 Be5 34. Qb4 Bxd6 35. cxd6 Rab8 36. Qa5+ Ke8 37. Bf3 h4 38. Bh5+ Kf8 39. gxh4 Qe5+ 40. Kh1 Qxd6 41. Qd2 Qe5 42. Re3 Qf6 43. Rg3 Ke7 44. Qf4 Rg8 45. Rg5 Rxg5 46. hxg5 Qh8 47. Qh4 c5 48. Rf4 c4 49. g6+ Nf6 50. Qf2 Rb1+ 51. Kh2 Nxh5 52. Qa7+ Kf6 53. Qf7+ Kg5 0-1

[Event "SWE-chT 0708"]
[Site "Sweden"]
[Date "2008.03.08"]
[Round "10"]
[White "Aberg, Anton"]
[Black "Bergstrom, Christer"]
[Result "0-1"]
[WhiteElo "2393"]
[BlackElo "2333"]
[PlyCount "88"]
[EventDate "2007.10.19"]
[EventType "team"]
[EventRounds "11"]
[EventCountry "SWE"]
[SourceTitle "EXT 2009"]
[Source "ChessBase"]
[SourceDate "2008.11.26"]
[SourceVersion "1"]
[SourceVersionDate "2008.11.26"]
[SourceQuality "1"]
[WhiteTeam "Kamraterna"]
[BlackTeam "Solna"]
[WhiteTeamCountry "SWE"]
[BlackTeamCountry "SWE"]

1. d4 Nf6 2. c4 e6 3. g3 d5 4. Nf3 Be7 5. Bg2 0-0 6. 0-0 dxc4 7. Qc2 a6 8. Qxc4 b5 9. Qc2 Bb7 10. Bd2 Be4 11. Qc1 Nbd7 12. Ba5 Rc8 13. Nc3 Bb7 14. b4 Nb6 15. a4 bxa4 16. Nxa4 Nxa4 17. Rxa4 Qd7 18. Ra2 Qb5 19. Rc2 Be4 20. Rxc7 Rxc7 21. Qxc7 Bxb4 22. Bxb4 Qxb4 23. e3 Nd5 24. Qc5 Qb7 25. Nh4 Rc8 26. Qa3 Bxg2 27. Nxg2 Nc3 28. h4 h6 29. Kh2 Ne4 30. Qa2 Qb5 31. Qb1 Qxb1 32. Rxb1 Nxf2 33. h5 a5 34. Ra1 Ra8 35. Ra3 Kf8 36. Nf4 Ke7 37. Kg2 Ne4 38. Kf3 Nd6 39. e4 a4 40. Ne2 Nb5 41. Ra2 a3 42. e5 Ra4 43. Ke3 Rb4 44. Kd3 Kd7 0-1

[Event "SWE-chT 0708"]
[Site "Sweden"]
[Date "2008.03.07"]
[Round "9"]
[White "Akesson, Joel"]
[Black "Bergstrom, Christer"]
[Result "0-1"]
[WhiteElo "2351"]
[BlackElo "2333"]
[PlyCount "86"]
[EventDate "2007.10.19"]
[EventType "team"]
[EventRounds "11"]
[EventCountry "SWE"]
[SourceTitle "EXT 2009"]
[Source "ChessBase"]
[SourceDate "2008.11.26"]
[SourceVersion "1"]
[SourceVersionDate "2008.11.26"]
[SourceQuality "1"]
[WhiteTeam "Manhem"]
[BlackTeam "Solna"]
[WhiteTeamCountry "SWE"]
[BlackTeamCountry "SWE"]

1. d4 Nf6 2. c4 e6 3. Nf3 b6 4. a3 Bb7 5. Nc3 Ne4 6. Nxe4 Bxe4 7. Nd2 Bb7 8. e4 g6 9. Bd3 Bg7 10. Nf3 d6 11. 0-0 0-0 12. Bg5 f6 13. Bh4 Nd7 14. b4 c5 15. Rb1 cxd4 16. Nxd4 Qe7 17. Nf3 Rfd8 18. Qb3 Kh8 19. Rfd1 e5 20. Ne1 Nf8 21. Nc2 Ne6 22. f3 Nf4 23. Ne3 Bh6 24. Bf2 Qf7 25. Nd5 f5 26. Nxf4 Bxf4 27. Qc2 Rac8 28. exf5 gxf5 29. Bxf5 Rxc4 30. Qd3 Rg8 31. Bh3 Rg6 32. Qf5 Qg7 33. Kh1 Bc8 34. Qh5 Bxh3 35. Qxh3 Rh6 36. Bh4 Bg5 37. g3 Bxh4 38. gxh4 Rhxh4 39. Qe6 Rxh2+ 40. Kxh2 Rc2+ 41. Kh3 Qg2+ 42. Kh4 Qh2+ 43. Qh3 Rc4+ 0-1

[Event "SWE-chT 0708"]
[Site "Sweden"]
[Date "2008.01.12"]
[Round "6"]
[White "Eriksson, Johan"]
[Black "Bergstrom, Christer"]
[Result "0-1"]
[WhiteElo "2445"]
[BlackElo "2351"]
[PlyCount "52"]
[EventDate "2007.10.19"]
[EventType "team"]
[EventRounds "11"]
[EventCountry "SWE"]
[SourceTitle "EXT 2009"]
[Source "ChessBase"]
[SourceDate "2008.11.26"]
[SourceVersion "1"]
[SourceVersionDate "2008.11.26"]
[SourceQuality "1"]
[WhiteTeam "Vasteras"]
[BlackTeam "Solna"]
[WhiteTeamCountry "SWE"]
[BlackTeamCountry "SWE"]

1. d4 Nf6 2. c4 e6 3. Nc3 Bb4 4. f3 d5 5. a3 Bxc3+ 6. bxc3 0-0 7. cxd5 exd5 8. e3 Bf5 9. Ne2 Nbd7 10. g4 Be6 11. Ng3 Ne8 12. Bd3 Nd6 13. Qc2 g6 14. h4 f5 15. h5 fxg4 16. fxg4 g5 17. Bxh7+ Kh8 18. Bf5 Bxf5 19. gxf5 Nf6 20. c4 Nfe4 21. Nxe4 Nxe4 22. Bb2 Rxf5 23. cxd5 Qxd5 24. 0-0-0 Rf2 25. Qd3 Qc6+ 26. Kb1 Qb6 0-1

[Event "SWE-chT 9596"]
[Site "Sweden"]
[Date "1996.??.??"]
[Round "?"]
[White "Lukez, Franko"]
[Black "Bergstrom, Christer"]
[Result "0-1"]
[WhiteElo "2320"]
[BlackElo "2420"]
[PlyCount "92"]
[EventDate "1995.??.??"]
[EventType "team"]
[EventRounds "9"]
[EventCountry "SWE"]
[SourceTitle "EXT 1998"]
[Source "ChessBase"]
[SourceDate "1997.11.17"]
[SourceVersion "1"]
[SourceVersionDate "1997.11.17"]
[SourceQuality "1"]

1. e4 c5 2. Nf3 Nc6 3. Nc3 e6 4. d4 cxd4 5. Nxd4 a6 6. g3 Qc7 7. Bg2 Nf6 8. 0-0 Nxd4 9. Qxd4 Bc5 10. Bf4 d6 11. Qd2 h6 12. Rad1 e5 13. Be3 Bg4 14. Bxc5 dxc5 15. f3 Be6 16. Nd5 Bxd5 17. exd5 Qd6 18. c4 0-0 19. Bh3 Rfe8 20. Rfe1 b5 21. b3 Rab8 22. Re3 Re7 23. Qe2 bxc4 24. bxc4 Rbe8 25. Rb1 e4 26. f4 Rb8 27. Reb3 Rxb3 28. Rxb3 Ne8 29. Re3 Qb6 30. Bf1 Nd6 31. Rb3 Qa5 32. g4 Re8 33. Kf2 Qd8 34. Kg3 Qf6 35. h3 h5 36. Qb2 h4+ 37. Kg2 Qxf4 38. Qf2 Qe5 39. Qxc5 e3 40. Rxe3 Qxe3 41. Qxd6 Kh7 42. Qd7 Qg3+ 43. Kh1 Qf3+ 44. Kg1 Re5 45. d6 Qg3+ 46. Kh1 Qf2 0-1

[Event "SWE-chT 9596"]
[Site "Sweden"]
[Date "1996.??.??"]
[Round "?"]
[White "Moberg, Karl Johan"]
[Black "Bergstrom, Christer"]
[Result "0-1"]
[WhiteElo "2405"]
[BlackElo "2420"]
[PlyCount "66"]
[EventDate "1995.??.??"]
[EventType "team"]
[EventRounds "9"]
[EventCountry "SWE"]
[SourceTitle "EXT 1998"]
[Source "ChessBase"]
[SourceDate "1997.11.17"]
[SourceVersion "1"]
[SourceVersionDate "1997.11.17"]
[SourceQuality "1"]

1. e4 c5 2. Nf3 Nc6 3. d4 cxd4 4. Nxd4 e6 5. Nc3 a6 6. Be3 Qc7 7. Qd2 Nf6 8. f3 b5 9. g4 b4 10. Na4 Bb7 11. 0-0-0 Be7 12. Kb1 0-0 13. h4 d5 14. g5 Nh5 15. exd5 Nxd4 16. Bxd4 Bxd5 17. Qf2 Qc6 18. Nb6 Bxf3 19. Nxa8 Qxa8 20. Be2 Bxh1 21. Bxh5 Be4 22. Bg4 a5 23. Qf4 Rc8 24. Rf1 Bxc2+ 25. Ka1 Bg6 26. Qe5 Bf8 27. h5 Qg2 28. Re1 Qxg4 29. hxg6 hxg6 30. Rh1 Rd8 31. Qh2 f6 32. gxf6 Rxd4 33. fxg7 Rd1+ 0-1

[Event "SWE-chT 9596"]
[Site "Sweden"]
[Date "1996.??.??"]
[Round "?"]
[White "Svenn, Gosta"]
[Black "Bergstrom, Christer"]
[Result "1/2-1/2"]
[WhiteElo "2385"]
[BlackElo "2420"]
[PlyCount "108"]
[EventDate "1995.??.??"]
[EventType "team"]
[EventRounds "9"]
[EventCountry "SWE"]
[SourceTitle "EXT 1998"]
[Source "ChessBase"]
[SourceDate "1997.11.17"]
[SourceVersion "1"]
[SourceVersionDate "1997.11.17"]
[SourceQuality "1"]

1. d4 Nf6 2. c4 e6 3. g3 d5 4. Nf3 dxc4 5. Bg2 Be7 6. 0-0 0-0 7. Ne5 Nc6 8. Nxc6 bxc6 9. Na3 Bxa3 10. bxa3 Rb8 11. e3 c5 12. Qa4 Bb7 13. Bxb7 Rxb7 14. Qxc4 cxd4 15. Qxd4 Qb8 16. e4 c5 17. Qxc5 Nxe4 18. Qd4 Nf6 19. Bf4 Qd8 20. Qxd8 Rxd8 21. Rab1 Rbd7 22. Bg5 Rd5 23. Bxf6 gxf6 24. Rb7 a5 25. Rc1 Rd1+ 26. Rxd1 Rxd1+ 27. Kg2 Rd4 28. Rb5 Ra4 29. Rb3 e5 30. Kf3 f5 31. Rc3 Kg7 32. Ke2 f4 33. Kf3 fxg3 34. hxg3 f5 35. Ke3 h5 36. Rb3 Kf6 37. Rc3 h4 38. gxh4 Rxh4 39. Rc6+ Kg5 40. Rc5 Rh3+ 41. Ke2 Rxa3 42. Rxe5 Kf4 43. Rc5 Rxa2+ 44. Kf1 Kg4 45. Kg2 a4 46. Rc8 a3 47. Ra8 Ra1 48. Ra4+ f4 49. f3+ Kf5 50. Ra5+ Ke6 51. Ra4 Ke5 52. Re4+ Kf5 53. Ra4 Ra2+ 54. Kh3 Ke5 1/2-1/2

[Event "SWE-chT 9293"]
[Site "Sweden"]
[Date "1992.??.??"]
[Round "5"]
[White "Bergstrom, Christer"]
[Black "Akesson, Ralf"]
[Result "1/2-1/2"]
[WhiteElo "2420"]
[BlackElo "2465"]
[PlyCount "81"]
[EventDate "1992.??.??"]
[EventType "team"]
[EventRounds "9"]
[EventCountry "SWE"]
[SourceTitle "EXT 2006"]
[Source "ChessBase"]
[SourceDate "2005.11.24"]
[SourceVersion "1"]
[SourceVersionDate "2005.11.24"]
[SourceQuality "1"]

1. Nf3 Nf6 2. c4 g6 3. Nc3 d5 4. cxd5 Nxd5 5. e4 Nxc3 6. dxc3 Qxd1+ 7. Kxd1 f6 8. e5 Bg4 9. exf6 exf6 10. Bf4 Bd6 11. Bxd6 Bxf3+ 12. gxf3 cxd6 13. h4 Nc6 14. h5 g5 15. f4 gxf4 16. Rh4 f3 17. Bb5 Rg8 18. Kd2 Rg5 19. Re1+ Kf7 20. Bxc6 bxc6 21. Re3 Rb8 22. b4 Rbb5 23. Rc4 Rb6 24. a4 a5 25. b5 c5 26. Rh4 Rf5 27. h6 d5 28. Rg4 Rg5 29. Rxg5 fxg5 30. Re5 Rxh6 31. Rxg5 Ke6 32. c4 Rh4 33. cxd5+ Kd6 34. b6 Rxa4 35. Rh5 Rb4 36. Rxh7 Rxb6 37. Rh6+ Kc7 38. Rh7+ Kc8 39. Kc3 Rb4 40. Ra7 Rd4 41. Rxa5 1/2-1/2

[Event "SWE-ch"]
[Site "Gothenburg"]
[Date "1990.??.??"]
[Round "?"]
[White "Barkhagen, Jonas"]
[Black "Bergstrom, Christer"]
[Result "1-0"]
[WhiteElo "2235"]
[BlackElo "2425"]
[PlyCount "65"]
[EventDate "1990.??.??"]
[EventType "tourn"]
[EventRounds "15"]
[EventCountry "SWE"]
[EventCategory "5"]
[SourceTitle "EXT 1997"]
[Source "ChessBase"]
[SourceDate "1996.11.15"]
[SourceVersion "1"]
[SourceVersionDate "1996.11.15"]
[SourceQuality "1"]

1. d4 Nf6 2. c4 e6 3. g3 d5 4. Nf3 dxc4 5. Qa4+ Bd7 6. Qxc4 Bc6 7. Bg2 Be7 8. 0-0 a6 9. Nc3 b5 10. Qb3 0-0 11. Bg5 Nbd7 12. Rac1 Qb8 13. e4 b4 14. Nd5 exd5 15. Rxc6 dxe4 16. Ne5 Qb5 17. a4 Qb7 18. Rfc1 Bd6 19. Nxd7 Nxd7 20. Bxe4 Qa7 21. Qd3 h6 22. Be3 Nf6 23. Bf3 Rfe8 24. Qf5 Re6 25. Qa5 Qb8 26. Rxa6 Rxa6 27. Qxa6 Bf4 28. Rc6 Rxe3 29. fxe3 Bxe3+ 30. Kg2 Bxd4 31. Qc4 Bb6 32. a5 Be3 33. Rxc7 1-0

[Event "SWE-ch"]
[Site "Gothenburg"]
[Date "1990.??.??"]
[Round "?"]
[White "Engqvist, Thomas"]
[Black "Bergstrom, Christer"]
[Result "1/2-1/2"]
[WhiteElo "2335"]
[BlackElo "2425"]
[PlyCount "23"]
[EventDate "1990.??.??"]
[EventType "tourn"]
[EventRounds "15"]
[EventCountry "SWE"]
[EventCategory "5"]
[SourceTitle "EXT 1997"]
[Source "ChessBase"]
[SourceDate "1996.11.15"]
[SourceVersion "1"]
[SourceVersionDate "1996.11.15"]
[SourceQuality "1"]

1. d4 Nf6 2. c4 e6 3. Nf3 Bb4+ 4. Nbd2 b6 5. g3 Bb7 6. Bg2 0-0 7. 0-0 a5 8. Qc2 Bxd2 9. Bxd2 Be4 10. Qc3 d6 11. Bg5 h6 12. Bxf6 1/2-1/2

[Event "SWE-ch"]
[Site "Gothenburg"]
[Date "1990.??.??"]
[Round "?"]
[White "Lundin, Anders"]
[Black "Bergstrom, Christer"]
[Result "1/2-1/2"]
[WhiteElo "2265"]
[BlackElo "2425"]
[PlyCount "57"]
[EventDate "1990.??.??"]
[EventType "tourn"]
[EventRounds "15"]
[EventCountry "SWE"]
[EventCategory "5"]
[SourceTitle "EXT 1997"]
[Source "ChessBase"]
[SourceDate "1996.11.15"]
[SourceVersion "1"]
[SourceVersionDate "1996.11.15"]
[SourceQuality "1"]

1. d4 Nf6 2. c4 e6 3. Nf3 Bb4+ 4. Nbd2 b6 5. e3 Bb7 6. Bd3 0-0 7. 0-0 Bxd2 8. Nxd2 d6 9. e4 e5 10. d5 Nbd7 11. a3 a5 12. b3 c6 13. Bb2 Nc5 14. Bc2 cxd5 15. exd5 b5 16. f4 bxc4 17. fxe5 dxe5 18. Nxc4 Qxd5 19. Qe2 Ne6 20. Bxe5 Nd4 21. Bxd4 Qxd4+ 22. Qf2 Qxf2+ 23. Rxf2 Rfb8 24. Rd1 Be4 25. Bxe4 Nxe4 26. Rf5 Rxb3 27. Rxa5 Rc8 28. Re5 Nc3 29. Rde1 1/2-1/2

[Event "SWE-ch"]
[Site "Sundsvall"]
[Date "1989.??.??"]
[Round "?"]
[White "Eriksson, Mats"]
[Black "Bergstrom, Christer"]
[Result "1/2-1/2"]
[WhiteElo "2255"]
[BlackElo "2460"]
[PlyCount "26"]
[EventDate "1989.??.??"]
[EventType "tourn"]
[EventRounds "15"]
[EventCountry "SWE"]
[EventCategory "5"]
[SourceTitle "EXT 1997"]
[Source "ChessBase"]
[SourceDate "1996.11.15"]
[SourceVersion "1"]
[SourceVersionDate "1996.11.15"]
[SourceQuality "1"]

1. e4 c5 2. c3 Nf6 3. e5 Nd5 4. d4 cxd4 5. Nf3 Nc6 6. cxd4 d6 7. Bc4 dxe5 8. dxe5 Ndb4 9. 0-0 Qxd1 10. Rxd1 Bf5 11. Nc3 Nc2 12. Rb1 N2b4 13. Ra1 Nc2 1/2-1/2

[Event "SWE-ch"]
[Site "Sundsvall"]
[Date "1989.??.??"]
[Round "?"]
[White "Johansson, Jan"]
[Black "Bergstrom, Christer"]
[Result "1/2-1/2"]
[WhiteElo "2365"]
[BlackElo "2460"]
[PlyCount "95"]
[EventDate "1989.??.??"]
[EventType "tourn"]
[EventRounds "15"]
[EventCountry "SWE"]
[EventCategory "5"]
[SourceTitle "EXT 1997"]
[Source "ChessBase"]
[SourceDate "1996.11.15"]
[SourceVersion "1"]
[SourceVersionDate "1996.11.15"]
[SourceQuality "1"]

1. e4 c5 2. Nf3 Nc6 3. d4 cxd4 4. Nxd4 Nf6 5. Nc3 e5 6. Ndb5 d6 7. Nd5 Nxd5 8. exd5 Ne7 9. c4 Nf5 10. Bd3 Be7 11. 0-0 0-0 12. f4 a6 13. Nc3 Nd4 14. Be3 f5 15. Ne2 Nxe2+ 16. Qxe2 Bf6 17. Rad1 Bd7 18. Kh1 Rc8 19. b4 Re8 20. Qf2 exf4 21. Bxf4 Be5 22. Rde1 Bxf4 23. Qxf4 Rxe1 24. Rxe1 Qf6 25. h3 b5 26. Qf1 Qc3 27. Re7 bxc4 28. Bxf5 Bxf5 29. Qxf5 Rf8 30. Qe6+ Kh8 31. Qf7 Qa1+ 32. Kh2 Qf6 33. Qxf6 gxf6 34. Rc7 Rb8 35. Rxc4 Rb5 36. Rd4 a5 37. a3 Kg7 38. Kg3 f5 39. Kf4 Kf6 40. g3 h6 41. g4 fxg4 42. hxg4 axb4 43. axb4 Kg6 44. Ke3 Kf6 45. Ke4 Rb8 46. Rc4 Rb7 47. Kd4 Rb8 48. Ke4 1/2-1/2

[Event "SWE-ch"]
[Site "Sundsvall"]
[Date "1989.??.??"]
[Round "?"]
[White "Renman, Nils Gustaf"]
[Black "Bergstrom, Christer"]
[Result "0-1"]
[WhiteElo "2410"]
[BlackElo "2460"]
[PlyCount "118"]
[EventDate "1989.??.??"]
[EventType "tourn"]
[EventRounds "15"]
[EventCountry "SWE"]
[EventCategory "5"]
[SourceTitle "EXT 1997"]
[Source "ChessBase"]
[SourceDate "1996.11.15"]
[SourceVersion "1"]
[SourceVersionDate "1996.11.15"]
[SourceQuality "1"]

1. d4 Nf6 2. c4 e6 3. Nc3 Bb4 4. Qc2 c5 5. dxc5 0-0 6. Nf3 Na6 7. a3 Bxc3+ 8. Qxc3 Nxc5 9. e3 b6 10. Be2 Ba6 11. Nd2 d5 12. b4 Nce4 13. Nxe4 Nxe4 14. Qe5 Rc8 15. Bb2 Nf6 16. b5 Bb7 17. Rc1 dxc4 18. Rxc4 Qd5 19. Qxd5 Bxd5 20. Rxc8 Rxc8 21. Bd3 Be4 22. Ke2 Bxd3+ 23. Kxd3 Ng4 24. Rf1 Nxh2 25. Rc1 Rxc1 26. Bxc1 Ng4 27. f3 Ne5+ 28. Kc3 f6 29. e4 h5 30. a4 Kf7 31. a5 Nd7 32. Be3 Ke7 33. a6 Kd6 34. Bd4 g5 35. Kc4 Ne5+ 36. Kc3 Nd7 37. Kc4 g4 38. fxg4 hxg4 39. Bc3 f5 40. exf5 exf5 41. Kd4 f4 42. Bd2 f3 43. gxf3 gxf3 44. Be3 Nc5 45. Bf2 Ne6+ 46. Kc4 Nc7 47. Bg1 Ke5 48. Be3 Ke4 49. Bf2 Nd5 50. Bg1 Ne3+ 51. Kb4 Kd3 52. Kb3 Nd5 53. Bf2 Ke2 54. Kc4 Kxf2 55. Kxd5 Ke3 56. Kc6 f2 57. Kb7 f1Q 58. Kxa7 Qxb5 59. Kb7 Qa5 0-1